logo

Bir Sreshtho Munshi Abdur Rouf Library
Jhenaidah Cadet College

Inside the earth / (Record no. 9824)

MARC details
000 -LEADER
fixed length control field 00632nam a22002412 4500
001 - CONTROL NUMBER
JCCL Control Number 9824
003 - CONTROL NUMBER IDENTIFIER
JCCL marc code BD-JhCC
005 - DATE AND TIME OF LATEST TRANSACTION
control field 20180402083540.0
008 - FIXED-LENGTH DATA ELEMENTS--GENERAL INFORMATION
fixed length control field 180401s1972 enka j 001 0 eng d
020 ## - INTERNATIONAL STANDARD BOOK NUMBER
International Standard Book Number 0356039838
035 ## - SYSTEM CONTROL NUMBER
system control number OCLC ocm11638351 from D970814M
-- (BD-JhCC)9824
040 ## - CATALOGING SOURCE
Original cataloging agency EUT
Transcribing agency EUT
Modifying agency EQO
041 ## - LANGUAGE CODE
Language code of Book eng
082 ## - DEWEY DECIMAL CLASSIFICATION NUMBER
Author mark and Year DAV 1972
Classification number 551.11
100 1# - MAIN ENTRY--PERSONAL NAME
Personal name Davis, Alan G.
245 10 - TITLE STATEMENT
Title Inside the earth /
Statement of responsibility, etc Alan Davis.
260 ## - PUBLICATION, DISTRIBUTION, ETC. (IMPRINT)
Place of publication, distribution, etc London :
Name of publisher, distributor, etc Macdonald Educational,
Date of publication, distribution, etc 1972.
300 ## - PHYSICAL DESCRIPTION
Pagination 48 p. :
Other physical details ill. (part col.) ;
Dimensions 29 cm.
650 #0 - SUBJECT ADDED ENTRY--TOPICAL TERM
Topical term or geographic name as entry element Geology
651 #0 - SUBJECT ADDED ENTRY--GEOGRAPHIC NAME
Geographic name Earth (Planet)
942 ## - ADDED ENTRY ELEMENTS (KOHA)
Source of classification or shelving scheme Dewey Decimal Classification
Koha item type Books
Holdings
Source of classification or shelving scheme Damaged status Not for loan Home library Current library Shelving location Date of accession Total Checkouts Full call number Barcode Date last seen Copy number Koha item type
Dewey Decimal Classification     JCC Rouf Library JCC Rouf Library General Stacks 04/01/2018   551.11 DAV 1972 13299 04/01/2018 C-1 Reference

JCC Library | Contacts | JCC Home

Last Update on 23 September 2017
Copyright @ 2017-2020 JCC Rouf Library
Rouf Library, Jhenidah Cadet College (JCC), Bangladesh